100 Biggest Cities of the British Isles under Oliver Cromwell in 1658 - Statistics

General Stats
  • This quiz has been taken 462 times
  • The average score is 41 of 100
Answers on the Map
Answers color-coded by a green-red scale on the quiz's map according to % correct below.
 
Answer Stats
Population Cities % Correct
310,941 London
97%
8,780 Dublin
96%
18,000 Glasgow
96%
25,000 Edinburgh
95%
4,826 Cork
93%
13,482 Bristol
90%
14,201 York
90%
12,000 Aberdeen
88%
2,356 Manchester
87%
11,617 Newcastle upon Tyne
87%
3,501 Leeds
85%
4,000 Plymouth
85%
11,065 Oxford
83%
10,574 Cambridge
82%
14,216 Norwich
80%
2,745 Birmingham
79%
8,000 Dundee
79%
4,264 Nottingham
79%
6,600 Kingston upon Hull
78%
4,299 Dover
75%
3,014 Leicester
75%
5,007 Portsmouth
75%
2,183 Inverness
74%
2,652 Bath
71%
3,000 Brighthelmstone
71%
3,105 Limerick
69%
10,307 Exeter
67%
4,305 Lincoln
67%
4,233 Gloucester
66%
9,774 Ipswich
66%
7,671 Canterbury
65%
5,849 Chester
64%
6,427 Coventry
61%
7,046 Worcester
58%
3,860 Carlisle
55%
4,048 Winchester
55%
2,959 Northampton
54%
3,350 Perth
50%
6,647 Colchester
49%
2,223 Durham
46%
2,476 Hereford
43%
3,600 Stirling
43%
2,660 Peterborough
39%
2,580 Berwick-upon-Tweed
38%
2,680 Boston
38%
6,811 Salisbury
38%
6,867 Shrewsbury
38%
2,886 Wrexham
35%
9,248 Yarmouth
35%
2,180 Scarborough
34%
2,710 Warwick
34%
4,100 Ayr
33%
5,007 Lynn
31%
2,640 St Albans
31%
2,276 St Andrews
31%
2,510 West Ham
31%
2,870 Dumfries
29%
2,220 Kingston upon Thames
29%
3,026 Ely
28%
4,616 Rochester
28%
2,500 Greenwich
27%
3,703 Maidstone
27%
3,170 Chelmsford
26%
2,983 Gateshead
26%
4,680 Bradford-on-Avon
25%
4,264 Bury St Edmunds
25%
2,300 Taunton
19%
5,730 Kendal
18%
4,024 Kilmarnock
18%
3,084 Kirkcaldy
18%
3,180 Beverley
15%
2,305 Lichfield
15%
2,721 Monmouth
14%
2,750 Hamilton
13%
7,000 Leith
13%
2,320 Barnstaple
12%
2,490 Macclesfield
12%
3,958 Sandwich
12%
2,760 Cirencester
11%
2,690 Newark-on-Trent
11%
5,224 Lambeth
9%
3,108 Montrose
9%
3,023 Frome
8%
3,100 Musselburgh
8%
2,602 Haddington
7%
2,500 Kelso
7%
3,200 Linlithgow
7%
2,310 Bromsgrove
6%
2,760 Nantwich
6%
2,238 Waltham Cross
6%
2,320 Wisbech
6%
6,919 Deptford
5%
2,160 Wellingborough
5%
4,386 Bermondsey
4%
2,450 Bo'ness
4%
2,720 Crediton
4%
2,290 Wymondham
4%
2,800 Prestonpans
3%
2,550 Warminster
3%
7,000 Canongate
1%
No matching quizzes found
Score Distribution
Percent of People with Each Score
Percentile by Number Answered
Your Score History
You have not taken this quiz